000 01193nam a2200253Ia 4500
003 PE SENCICO BE
005 20251020182438.0
008 200515s9999 xx 000 0 und d
020 _a978-968-24-8098-0
040 _aPE SENCICO BE
_cPE SENCICO BE
041 _aspa
082 _a516.6
_bF38
100 1 _aFernández Calvo, Silvestre
_93209
_eautor
245 1 0 _aLa geometría descriptiva aplicada al dibujo técnico arquitectónico /
_cSilvestre Fernandez Calvo
250 _a2a ed.
260 _aMéxico, D.F. :
_bTrillas ;
_c2007
300 _a131 páginas :
_bilustraciones, tablas, gráficos ;
_c27 cm.
505 0 _aRelaciones espaciales fundamentales -- Problemas de geometría -- Axonometrías -- Intersecciones -- Sombras -- Relaciones espaciales arquitectónicas -- Axonometría en arquitectura -- Dibujos arquitectónicos
520 3 _aReúne los elementos metodológicos y técnicos pertenecientes a las materias de geometría descriptiva y dibujo técnico, con el propósito de integrar el estudio de ambas en un solo curso.
650 1 0 _aGeometría descriptiva
_922
650 2 0 _aDibujo arquitectónico
_9428
650 2 0 _aDibujo técnico
_9336
942 _cLIB
_2ddc
999 _c457
_d457